Il mio amico Jim /

Jack il merlo vive nel bosco ed ha un grande desiderio, quello di vedere il mare. Un giorno decide di partire e arriva sulla spiaggia dove si imbatte in Jim il gabbiano. I due uccelli fanno amicizia e Jim invita Jack a visitare il suo villaggio. I gabbiani si dimostreranno molto diffidenti verso il...

詳細記述

保存先:
書誌詳細
第一著者: Crowther, Kitty (著者)
その他の著者: Carminati, Chiara (翻訳家)
フォーマット: 図書
言語:イタリア語
出版事項: Gordola : Marameo, 2020
タグ: タグ追加
タグなし, このレコードへの初めてのタグを付けませんか!

MARC

LEADER 00000nam a22000007i 4500
001 IT\ICCU\PCM\0017768
003 ItRI
005 20260115231948.0
008 201020s2020 sz |||||| |||||1|||||c
020 |a 888655771X 
020 |a 9788890982965 
040 |b ita  |c importazione bologna sebina 
041 7 |a ita  |2 ISO-639-2 
082 |a 843.914  |9 NARRATIVA FRANCESE, 1945-1999  |2 21 
100 1 |a Crowther, Kitty  |0 IT\ICCU\RAVV\104264  |4 aut 
240 1 0 |a Mon ami Jim  |3 IT\ICCU\RAV\0313037  |9 Crowther, Kitty 
245 1 3 |a Il mio amico Jim /  |c Kitty Crowther ; traduzione di Chiara Carminati. 
260 |a Gordola :  |b Marameo,  |c 2020 
300 |a 1 volume (senza paginazione) :  |b in gran parte ill. ;  |c 25 x 25 cm 
500 |a Testo stampato maiuscolo 
520 |a  Jack il merlo vive nel bosco ed ha un grande desiderio, quello di vedere il mare. Un giorno decide di partire e arriva sulla spiaggia dove si imbatte in Jim il gabbiano. I due uccelli fanno amicizia e Jim invita Jack a visitare il suo villaggio. I gabbiani si dimostreranno molto diffidenti verso il merlo che è così diverso da loro. "Perché mi guardano così?" chiede Jack. "È normale" risponde Jim. "È la prima volta che vedono un merlo". Poi, grazie ad un baule pieno di libri, tutto cambia e Jack diventerà un apprezzato membro della comunità degli uccelli marini. Jack è un merlo lettore e grazie a lui i gabbiani passeranno serate indimenticabili. I libri e la lettura possono rendere il mondo un posto migliore? L'albo illustrato di Kitty Crowther dimostra di sì. Età di lettura: da 3 anni. 
700 1 |a Carminati, Chiara  |0 IT\ICCU\TSAV\008696  |4 trl 
942 |2 ddc  |c BK  |n 0 
952 |0 0  |1 0  |4 0  |6 R_843_914000000000000_CRO  |7 0  |9 17904  |a BO  |b BO  |d 2026-01-15  |i 19281  |l 0  |o R 843.914 CRO  |p BO19281  |r 2026-01-15 23:19:48  |w 2026-01-15  |x [Sebina 5] [1 v.]  |y BK  |z 1 v. 
999 |c 15225  |d 15225